[Event "Sao Bento do Sul op 08"]
[Site "Sao Bento do Sul"]
[Date "2018.08.25"]
[Round "3"]
[White "Campagnolo, Bruna1111"]
[Black "Carneiro, Paulo Irajara Borba"]
[Result "0-1"]
[WhiteElo "1303"]
[BlackElo "1589"]
[PlyCount "38"]
[EventDate "2018.08.24"]
[EventType "swiss"]
[EventRounds "6"]
[EventCountry "BRA"]
[SourceTitle "EXT 2021"]
[Source "ChessBase"]
[SourceDate "2020.10.23"]
[SourceVersion "1"]
[SourceVersionDate "2020.10.23"]
[SourceQuality "1"]

1. e4 c5 2. Nf3 d6 3. d4 cxd4 4. Qxd4 Nc6 5. Bb5 Bd7 6. Bxc6 Bxc6 7. Bg5 h6 8. Be3 Nf6 9. Nc3 e5 10. Qd2 Nxe4 11. Nxe4 Bxe4 12. Qe2 Be7 13. 0-0-0 Bc6 14. Rhg1 f5 15. Qd2 Bxf3 16. gxf3 g5 17. Qb4 Qd7 18. Qc4 Rc8 19. Qd5 Qe6 0-1

[Event "Curitiba op"]
[Site "Curitiba"]
[Date "2018.02.23"]
[Round "1"]
[White "Carneiro, Paulo Irajara Borba"]
[Black "Calcado, Acyr Rogerio"]
[Result "1/2-1/2"]
[WhiteElo "1582"]
[BlackElo "2142"]
[PlyCount "53"]
[EventDate "2018.02.23"]
[EventType "swiss"]
[EventRounds "6"]
[EventCountry "BRA"]
[SourceTitle "CBM 183 Extra"]
[Source "ChessBase"]
[SourceDate "2018.04.19"]
[SourceVersion "1"]
[SourceVersionDate "2018.04.19"]
[SourceQuality "1"]

1. e4 e5 2. Nf3 Nc6 3. d4 exd4 4. Nxd4 Bc5 5. Nxc6 Qf6 6. f3 Qxc6 7. Nc3 Ne7 8. Bb5 Qb6 9. Qe2 c6 10. Bc4 0-0 11. Bb3 Bb4 12. Bd2 d5 13. Na4 Bxd2+ 14. Qxd2 Qa6 15. 0-0-0 b5 16. Nc5 Qb6 17. Qd4 dxe4 18. Nxe4 Nf5 19. Qxb6 axb6 20. Nd6 c5 21. Nxf5 Bxf5 22. Bd5 Rac8 23. Rhe1 Rc7 24. Re5 Bc8 25. Rde1 Bb7 26. Bxb7 Rxb7 27. Re7 1/2-1/2

[Event "Caioba Telecom op"]
[Site "Caioba"]
[Date "2017.10.01"]
[Round "8"]
[White "Carneiro, Paulo Irajara Borba"]
[Black "Kim, Thiago"]
[Result "1-0"]
[WhiteElo "1583"]
[BlackElo "1306"]
[PlyCount "47"]
[EventDate "2017.09.28"]
[EventType "swiss"]
[EventRounds "8"]
[EventCountry "BRA"]
[SourceTitle "EXT 2020"]
[Source "ChessBase"]
[SourceDate "2019.10.17"]
[SourceVersion "1"]
[SourceVersionDate "2019.10.17"]
[SourceQuality "1"]

1. e4 c5 2. Nf3 e6 3. d4 cxd4 4. Nxd4 Nf6 5. Nc3 Bb4 6. Bd2 Bxc3 7. Bxc3 Nxe4 8. Bb4 Nc6 9. Nxc6 bxc6 10. Bd3 Nf6 11. Bd6 Qa5+ 12. c3 Qb6 13. Qd2 h6 14. f3 Nd5 15. c4 Ne7 16. c5 Qd8 17. 0-0 0-0 18. b4 Re8 19. Rfe1 Bb7 20. Qf4 Nd5 21. Qe4 Nc7 22. a4 Nd5 23. a5 Nc7 24. Qh7# 1-0

[Event "Caioba Telecom op"]
[Site "Caioba"]
[Date "2017.09.29"]
[Round "4"]
[White "Carneiro, Paulo Irajara Borba"]
[Black "Popovicz, Sandro Jose"]
[Result "0-1"]
[WhiteElo "1583"]
[BlackElo "1948"]
[PlyCount "136"]
[EventDate "2017.09.28"]
[EventType "swiss"]
[EventRounds "8"]
[EventCountry "BRA"]
[SourceTitle "EXT 2018"]
[Source "ChessBase"]
[SourceDate "2017.10.13"]
[SourceVersion "1"]
[SourceVersionDate "2017.10.13"]
[SourceQuality "1"]

1. e4 c5 2. Nf3 Nc6 3. d4 cxd4 4. Nxd4 Nf6 5. Nc3 e5 6. Nxc6 bxc6 7. Bg5 Be7 8. Bxf6 Bxf6 9. Bc4 0-0 10. 0-0 Kh8 11. Qd6 Qe7 12. Rad1 Qxd6 13. Rxd6 Be7 14. Rd2 f5 15. exf5 d5 16. Be2 Bxf5 17. Nd1 Bg5 18. Ne3 d4 19. Nxf5 Bxd2 20. Nd6 Bb4 21. Ne4 a5 22. a4 Be7 23. b3 Rf4 24. f3 Rb8 25. g3 Rff8 26. Kg2 g6 27. Nd2 Bb4 28. Nc4 Rfe8 29. Bd3 Kg7 30. Be4 Re6 31. Rf2 Kf6 32. h3 h5 33. Rf1 Bc3 34. Rd1 Bb4 35. Rf1 Kg5 36. Rd1 Rf8 37. Nxe5 Rxe5 38. f4+ Rxf4 39. gxf4+ Kxf4 40. Bd3 Ke3 41. Kh1 g5 42. Kg2 g4 43. Rf1 gxh3+ 44. Kxh3 Kd2 45. Rf2+ Kc3 46. Kh4 Kb2 47. Rg2 Kc3 48. Bg6 Be7+ 49. Kh3 h4 50. Rg1 Re3+ 51. Kg4 c5 52. Kf4 h3 53. Bd3 Bd6+ 54. Kg4 Rxd3 55. cxd3 h2 56. Rc1+ Kxd3 57. Kf3 Kd2 58. Rf1 d3 59. Rb1 Kc2 60. Ra1 Kxb3 61. Ke3 c4 62. Rb1+ Kc2 63. Ra1 Be5 64. Rf1 d2 65. Ke2 Bg3 66. Rd1 Be1 67. Rxe1 dxe1Q+ 68. Kxe1 h1Q+ 0-1

[Event "Parana-ch"]
[Site "Pirai do Sul"]
[Date "2017.02.03"]
[Round "4"]
[White "Salvadego, Matheus Henrique De"]
[Black "Carneiro, Paulo Irajara Borba"]
[Result "1-0"]
[WhiteElo "1290"]
[BlackElo "1622"]
[PlyCount "75"]
[EventDate "2017.02.01"]
[EventType "swiss"]
[EventRounds "8"]
[EventCountry "BRA"]
[SourceTitle "CBM 176 Extra"]
[Source "ChessBase"]
[SourceDate "2017.03.02"]
[SourceVersion "1"]
[SourceVersionDate "2017.03.02"]
[SourceQuality "1"]

1. d4 Nf6 2. c4 e6 3. Nc3 c5 4. Nf3 d6 5. Bg5 Be7 6. e3 h6 7. Bf4 a6 8. Be2 Qb6 9. Qc2 cxd4 10. exd4 Nc6 11. Qd2 Bd7 12. h3 Rc8 13. Be3 h5 14. a3 Qc7 15. b4 Nb8 16. 0-0 Bc6 17. Rfc1 Ne4 18. Nxe4 Bxe4 19. Bf4 Nd7 20. c5 e5 21. cxd6 Qb8 22. dxe5 Bd8 23. Rxc8 Qxc8 24. Rc1 Qb8 25. Qe3 Bd5 26. Bc4 Bxc4 27. Rxc4 0-0 28. e6 Nb6 29. Rd4 fxe6 30. Qxe6+ Kh8 31. Be5 Bf6 32. d7 Bxe5 33. Nxe5 Qc7 34. Ng6+ Kh7 35. Nxf8+ Kh8 36. Ng6+ Kh7 37. d8Q Qc1+ 38. Rd1 1-0

[Event "Parana-ch"]
[Site "Pirai do Sul"]
[Date "2017.02.02"]
[Round "3"]
[White "Carneiro, Paulo Irajara Borba"]
[Black "Cardoso Pimenta, Ciro Jose"]
[Result "0-1"]
[WhiteElo "1622"]
[BlackElo "2027"]
[PlyCount "88"]
[EventDate "2017.02.01"]
[EventType "swiss"]
[EventRounds "8"]
[EventCountry "BRA"]
[SourceTitle "CBM 176 Extra"]
[Source "ChessBase"]
[SourceDate "2017.03.02"]
[SourceVersion "1"]
[SourceVersionDate "2017.03.02"]
[SourceQuality "1"]

1. e4 e5 2. Nf3 d6 3. d4 Nd7 4. Be2 c6 5. c4 Ngf6 6. Nc3 Be7 7. h3 0-0 8. 0-0 Qc7 9. Be3 Re8 10. Qc2 a6 11. a4 b6 12. Rad1 Bf8 13. d5 Bb7 14. Qd2 Nc5 15. Bxc5 bxc5 16. Rb1 Rec8 17. Bd3 Rab8 18. Rfe1 Be7 19. b4 cxd5 20. exd5 cxb4 21. Rxb4 Bd8 22. Reb1 a5 23. Rb5 Ba6 24. Rxb8 Rxb8 25. Rxb8 Qxb8 26. Nb5 e4 27. Nfd4 Bxb5 28. Nxb5 exd3 29. Qxd3 Bb6 30. Kf1 Nd7 31. Qg3 Ne5 32. Qb3 Bc5 33. f4 Nd7 34. Qc3 Bb4 35. Qc2 Qe8 36. g3 Qe1+ 37. Kg2 Bc5 38. Nc3 Qg1+ 39. Kf3 Nf6 40. Qe2 Qh1+ 41. Qg2 Qc1 42. Qe2 Qxc3+ 43. Kg2 Qd4 44. Kf3 h5 0-1

[Event "BRA-ch Seniors 50+"]
[Site "Curitiba"]
[Date "2016.12.11"]
[Round "6"]
[White "Sa, Antonio Villar Marq"]
[Black "Carneiro, Paulo Irajara Borba"]
[Result "1-0"]
[WhiteElo "1881"]
[BlackElo "1603"]
[PlyCount "113"]
[EventDate "2016.12.08"]
[EventType "swiss"]
[EventRounds "7"]
[EventCountry "BRA"]
[SourceTitle "EXT 2018"]
[Source "ChessBase"]
[SourceDate "2017.10.13"]
[SourceVersion "1"]
[SourceVersionDate "2017.10.13"]
[SourceQuality "1"]

1. e4 c5 2. Nf3 d6 3. d4 cxd4 4. Nxd4 Nf6 5. Nc3 e5 6. Bb5+ Bd7 7. Bxd7+ Qxd7 8. Nf5 g6 9. Ne3 Nc6 10. Ncd5 Nxd5 11. Nxd5 Be7 12. Be3 f5 13. exf5 gxf5 14. Qh5+ Kd8 15. 0-0-0 f4 16. Nxe7 Qxe7 17. Bc5 Nd4 18. Bxd4 exd4 19. Rxd4 Rf8 20. Rxd6+ Qxd6 21. Rd1 Qxd1+ 22. Kxd1 Rc8 23. Qxh7 Rc7 24. Qh6 Rcf7 25. Qg5+ Kc8 26. Qc5+ Kb8 27. c3 Ka8 28. a4 Rf5 29. Qd4 Rg5 30. Qd6 Rgg8 31. Kc2 a6 32. a5 Rf7 33. Qd5 Rgf8 34. b4 Rf5 35. Qe4 Kb8 36. c4 R8f6 37. Kb3 Kc7 38. Ka4 Rf7 39. b5 axb5+ 40. cxb5 Rf8 41. b6+ Kb8 42. Qd3 R5f6 43. Kb5 Rf5+ 44. Kb4 R5f6 45. Qd7 R6f7 46. Qd6+ Ka8 47. a6 bxa6 48. Ka5 Kb7 49. Qd5+ Kc8 50. Kxa6 Rf6 51. Qc5+ Kd8 52. Qc7+ Ke8 53. Kb5 Rf5+ 54. Kc4 R5f7 55. Qc8+ Ke7 56. b7 Rxc8+ 57. bxc8Q 1-0

[Event "BRA-ch Seniors 50+"]
[Site "Curitiba"]
[Date "2016.12.09"]
[Round "3"]
[White "Carneiro, Paulo Irajara Borba"]
[Black "Chaves, Jorge Antonio Torre"]
[Result "1/2-1/2"]
[WhiteElo "1603"]
[BlackElo "1972"]
[PlyCount "129"]
[EventDate "2016.12.08"]
[EventType "swiss"]
[EventRounds "7"]
[EventCountry "BRA"]
[SourceTitle "EXT 2018"]
[Source "ChessBase"]
[SourceDate "2017.10.13"]
[SourceVersion "1"]
[SourceVersionDate "2017.10.13"]
[SourceQuality "1"]

1. e4 c5 2. Nf3 Nc6 3. d4 cxd4 4. Nxd4 Nf6 5. Nc3 d6 6. Be2 e6 7. Be3 Be7 8. 0-0 a6 9. Qd2 Qc7 10. f4 0-0 11. Rad1 Re8 12. g4 Nxd4 13. Bxd4 e5 14. fxe5 dxe5 15. Rxf6 Bxf6 16. Nd5 Qd6 17. Be3 Bd8 18. c4 Qg6 19. h3 h5 20. Kh2 hxg4 21. Rg1 Be6 22. hxg4 Qh7+ 23. Kg2 Qxe4+ 24. Kf1 Bxd5 25. cxd5 Ba5 26. Qd3 Qxd3 27. Bxd3 e4 28. Bc4 b5 29. Bb3 Bb4 30. Ke2 Bd6 31. Rc1 Rac8 32. Rc6 Rxc6 33. dxc6 Bc7 34. Bd4 Be5 35. Bb6 Bxb2 36. c7 Be5 37. Bd5 Rc8 38. Bb7 Bxc7 39. Bxc8 Bxb6 40. Bxa6 b4 41. Bc4 Kf8 42. Bd5 e3 43. Kf3 Ke7 44. Bb3 f6 45. Bc4 Kd6 46. Bb3 Ke5 47. Bc2 Kd4 48. Ke2 Ke5 49. Kf3 Bc5 50. Bg6 Kd4 51. Ke2 Kc3 52. Bf5 Kb2 53. Be6 g6 54. Kd3 f5 55. gxf5 gxf5 56. Ke2 f4 57. Bd5 Kc3 58. Bf3 Kc2 59. Be4+ Kb2 60. Bd5 Kb1 61. Kf3 Bd6 62. Ke2 Kc2 63. Bb3+ Kc1 64. Bd5 Be5 65. Bf3 1/2-1/2

[Event "Curitiba Parana-ch"]
[Site "Curitiba"]
[Date "2016.01.28"]
[Round "4"]
[White "Carneiro, Paulo Irajara Borba"]
[Black "Hirota da Silva, Nilton Jose"]
[Result "0-1"]
[WhiteElo "1601"]
[BlackElo "1970"]
[PlyCount "98"]
[EventDate "2016.01.26"]
[EventType "swiss"]
[EventRounds "8"]
[EventCountry "BRA"]
[SourceTitle "CBM 170 Extra"]
[Source "ChessBase"]
[SourceDate "2016.02.25"]
[SourceVersion "1"]
[SourceVersionDate "2016.02.25"]
[SourceQuality "1"]

1. e4 d5 2. exd5 Qxd5 3. d4 Nf6 4. Nc3 Qd8 5. Be2 c6 6. Nf3 g6 7. h3 Bg7 8. 0-0 0-0 9. Be3 Nbd7 10. Bc4 Nb6 11. Bb3 Nbd5 12. Nxd5 cxd5 13. Ne5 Be6 14. Nd3 b6 15. Nf4 Bc8 16. c3 e6 17. Bc2 Ba6 18. Re1 Rc8 19. g4 Ne8 20. Qf3 Nd6 21. Rad1 Bb7 22. Bc1 Qf6 23. Qg3 Ne4 24. Bxe4 dxe4 25. g5 Qf5 26. Be3 Rcd8 27. Ne2 Rd7 28. Qg2 Qb5 29. b3 Qa5 30. Rd2 b5 31. Qg4 Qc7 32. Red1 Rfd8 33. Bf4 Qc6 34. Be3 a5 35. Qf4 a4 36. bxa4 bxa4 37. Kf1 a3 38. Rb1 e5 39. Qg3 Ba6 40. Rb3 exd4 41. cxd4 Bd3 42. Kg2 Bf8 43. Rb8 Bd6 44. Rxd8+ Rxd8 45. Qg4 Bb4 46. Nc1 Bxd2 47. Bxd2 e3+ 48. f3 exd2 49. Nxd3 d1Q 0-1